00452nam a2200157Ia 4500003000900000008004100009020001800050040001600068080001600084100001400100245008700114260004200201300001600243650001600259650001900275IN-BaIIA211028s9999 xx 000 0 eng d a0-7195-4015-1 cIIA Library a621.38bDUN aDuncan, T 0aSuccess in electronicscT. Duncan  aDordrechtbD. Reidel Publishingc1983 axiii, 348p. aElectronics aNASA thesaurus